=LDR 00000nam 2200000 4500 =001 INLIS000000000034688 =005 20250304012252 =035 ##$$a 0010-061300000034688 =008 250304################g##########0#ind## =041 ##$$a ind =082 ##$$a 028.55 =090 ##$$a 028.55, Jef k =100 ##$$a Jeffrey, gary =245 1#$$a Komik pionir : $b Terobosan medis penemuan DNA wanita bionik pertama /$c Gary Jeffrey; Alih bahasa, Antonius Tri =260 ##$$a Jakarta :$b Elex media koputindo,$c 2008 =300 ##$$a 48 hlm : $b Ilus ; $c 24 x 17 cm =650 #4$$a Bacaan Kanak-Kanak-Komik =700 #$$a Antonius Tri =850 ##$$a NBPNMAT =020 ##$$a 978-979-27-3762-2 =084 ##$$a 028.55 JEF k =990 ##$$a 0001/BPAP-NTB/2015 =990 ##$$a 21008971 =990 ##$$a 21101646 =990 ##$$a 21008970 =990 ##$$a 10211021 =990 ##$$a 21008969 =990 ##$$a 0001/BPAP-NTB/2015 =990 ##$$a 21008971 =990 ##$$a 21101646 =990 ##$$a 21008970